Markets (Record no. 81918)

MARC details
000 -LEADER
fixed length control field 01091cab a22002055a 4500
001 - CONTROL NUMBER
control field L148655
008 - FIXED-LENGTH DATA ELEMENTS--GENERAL INFORMATION
fixed length control field 091015e20091009xxko f 000 0 eng d
035 ## - SYSTEM CONTROL NUMBER
System control number (Sirsi) u148655
041 0# - LANGUAGE CODE
Language code of text/sound track or separate title eng
100 1# - MAIN ENTRY--PERSONAL NAME
Personal name Unger, Paul
245 00 - TITLE STATEMENT
Title Markets
Remainder of title Merseyside
260 ## - PUBLICATION, DISTRIBUTION, ETC.
Date of publication, distribution, etc. 2009
490 #0 - SERIES STATEMENT
Series statement Property Week
Volume/sequential designation 75(41) 9 October 2009, 45-58(6)
520 ## - SUMMARY, ETC.
Summary, etc. Revisits three Liverpool city centre schemes launched in the boom that did not make it off the drawing board: Y1 Tower, Albany Building and Huntsmere's Aura scheme. Langtree is set to restore Liverpool's International Garden Festival site. The construction of the Port of Liverpool's SuperPort is one of four initiatives in a 20-year plan to develop Liverpool's economy. Will Peel's Wirral Waters' shopping centre detract from Birkenhead, the Wirral's traditional capital? Merseyside's industrial market is being lifted by 1m sq ft of sheds being under offer in the area and Cheshire.
590 ## - LOCAL NOTE (RLIN)
Local note KA
651 #4 - SUBJECT ADDED ENTRY--GEOGRAPHIC NAME
Geographic name Liverpool
651 #4 - SUBJECT ADDED ENTRY--GEOGRAPHIC NAME
Geographic name Merseyside
690 ## - LOCAL SUBJECT ADDED ENTRY--TOPICAL TERM (OCLC, RLIN)
Topical term or geographic name as entry element PROPERTY-COMMERCIAL PROPERTY-COMMERCIAL PROPERTY MARKET
942 ## - ADDED ENTRY ELEMENTS (KOHA)
Suppress in OPAC 0
Holdings
Withdrawn status Lost status Source of classification or shelving scheme Damaged status Not for loan Home library Current library Shelving location Date acquired Total Checkouts Full call number Barcode Date last seen Copy number Price effective from Koha item type
    Dewey Decimal Classification     London London Journal article 15/10/2009   L148655 148655-1001 06/08/2019 1 06/08/2019 Journal article